000
00213nam a22000857a 4500
008
170327b xxu||||| |||| 00| 0 eng d
100
_9
3043
_a
Sawhney.P.
245
_a
Manual on Science-VI
260
_a
New delhi
_b
APC
_c
2010
999
_c
6308
_d
6308